[Event "Asia-ch Amateur"]
[Site "Muscat"]
[Date "2022.10.05"]
[Round "9"]
[White "Muhammad, Shahzeb"]
[Black "Shaurya, Dinesh Sawlani"]
[Result "1/2-1/2"]
[WhiteElo "1992"]
[BlackElo "1448"]
[PlyCount "116"]
[EventDate "2022.09.29"]
[EventType "swiss"]
[EventRounds "9"]
[EventCountry "OMN"]
[SourceTitle "CBM 210 Extra"]
[Source "ChessBase"]
[SourceDate "2022.11.30"]
[SourceVersion "1"]
[SourceVersionDate "2022.11.30"]
[SourceQuality "1"]

1. e4 c5 2. Nc3 e6 3. f4 d5 4. Nf3 Nc6 5. Bb5 Nge7 6. Qe2 d4 7. Nd1 a6 8. Bxc6+ Nxc6 9. a4 Be7 10. 0-0 0-0 11. d3 Rb8 12. Ne5 Nxe5 13. fxe5 Bg5 14. Qh5 Bxc1 15. Rxc1 Qe8 16. Nf2 f5 17. Qh4 Qd8 18. Qg3 f4 19. Qg4 Qc7 20. Qh5 Bd7 21. Ng4 Bxa4 22. Rf3 Be8 23. Qg5 Qd8 24. Nh6+ Kh8 25. Rxf4 Bg6 26. Rxf8+ Qxf8 27. Ng4 Qd8 28. Qd2 Qe7 29. Nf2 Rf8 30. Nh3 Kg8 31. b3 Qc7 32. Qg5 b5 33. Nf4 Bf7 34. Ne2 Bg6 35. h4 Qf7 36. Ng3 Qf2+ 37. Kh2 Qe3 38. Ra1 Qxg5 39. hxg5 Ra8 40. Ra5 Kf7 41. Kh3 Ke7 42. Ne2 Kd7 43. b4 Kc6 44. bxc5 Kxc5 45. Nc1 Kb6 46. Nb3 Rd8 47. Kg4 Rd7 48. Rxa6+ Kxa6 49. Nc5+ Ka5 50. Nxd7 Kb4 51. Kf3 Kc3 52. Nc5 Kxc2 53. Nxe6 Kxd3 54. Nf4+ Kc2 55. Ne2 Kd3 56. Nf4+ Kc2 57. Ne2 Kd3 58. Nf4+ Kc2 1/2-1/2

[Event "Asia-ch Amateur"]
[Site "Muscat"]
[Date "2022.10.03"]
[Round "7"]
[White "Sharma, Pankaj1111"]
[Black "Shaurya, Dinesh Sawlani"]
[Result "1-0"]
[WhiteElo "1764"]
[BlackElo "1448"]
[PlyCount "65"]
[EventDate "2022.09.29"]
[EventType "swiss"]
[EventRounds "9"]
[EventCountry "OMN"]
[SourceTitle "CBM 210 Extra"]
[Source "ChessBase"]
[SourceDate "2022.11.30"]
[SourceVersion "1"]
[SourceVersionDate "2022.11.30"]
[SourceQuality "1"]

1. c4 e5 2. g3 Nf6 3. Nc3 Nc6 4. Bg2 Bb4 5. e4 d6 6. Nge2 Bg4 7. h3 Be6 8. Nd5 Bc5 9. 0-0 a5 10. d3 h6 11. Kh2 h5 12. Be3 Nd4 13. Nxd4 exd4 14. Bd2 Nxd5 15. cxd5 Bd7 16. f4 Bb5 17. Qb3 c6 18. a4 Ba6 19. e5 Rc8 20. Rae1 0-0 21. e6 Qb6 22. Qc2 Bb4 23. Bxb4 axb4 24. Qe2 h4 25. Be4 f5 26. e7 hxg3+ 27. Kxg3 fxe4 28. exf8Q+ Rxf8 29. Qxe4 c5 30. b3 Qd8 31. Qg6 Qf6 32. Qxf6 Rxf6 33. Rf3 1-0

[Event "Mumbai Wealth op U13 4th"]
[Site "Mumbai"]
[Date "2019.01.03"]
[Round "5"]
[White "Shaurya, Dinesh Sawlani"]
[Black "Vedant, Nitin Vekhande"]
[Result "0-1"]
[WhiteElo "1173"]
[BlackElo "1564"]
[PlyCount "166"]
[EventDate "2018.12.30"]
[EventType "swiss"]
[EventRounds "9"]
[EventCountry "IND"]
[SourceTitle "CBM 188 Extra"]
[Source "ChessBase"]
[SourceDate "2019.02.26"]
[SourceVersion "1"]
[SourceVersionDate "2019.02.26"]
[SourceQuality "1"]

1. e4 c5 2. Nc3 g6 3. f4 Bg7 4. Nf3 Nc6 5. Bc4 e6 6. 0-0 Nge7 7. Qe1 0-0 8. d3 a6 9. a4 b6 10. Kh1 d5 11. Ba2 Nd4 12. Nxd4 cxd4 13. Ne2 dxe4 14. dxe4 d3 15. cxd3 Qxd3 16. Bb1 Qd7 17. Qg3 Qc7 18. Ra3 a5 19. Bd3 Nc6 20. Qh4 Qd8 21. Qg3 Nb4 22. f5 Nxd3 23. Rxd3 Qe7 24. Qf2 exf5 25. exf5 Bxf5 26. Ra3 Rfe8 27. Ng3 Be6 28. Qxb6 Bc4 29. Rg1 Rad8 30. Be3 Qe5 31. Bc1 Bf8 32. Re3 Bc5 33. Rxe5 Bxb6 34. Rxe8+ Rxe8 35. Rd1 Bb3 36. Rf1 Bxa4 37. Bh6 Bb5 38. Rc1 Bd4 39. b3 Be3 40. Bxe3 Rxe3 41. Rb1 Bd3 42. Ra1 Bc2 43. Kg1 Re5 44. Ra3 Rb5 45. Ne2 Rxb3 46. Rxa5 Bd3 47. Nf4 Be4 48. Ra2 Kg7 49. Kf2 Rb4 50. Ne2 Bd5 51. Rd2 Bb7 52. g3 Ba6 53. Nf4 Bc4 54. Ke3 g5 55. Ne2 Bxe2 56. Rxe2 Kg6 57. Kf3 f5 58. Re6+ Kh5 59. h3 Rb3+ 60. Kf2 Rb2+ 61. Kf3 g4+ 62. hxg4+ fxg4+ 63. Ke3 Rg2 64. Kf4 Rf2+ 65. Ke5 Re2+ 66. Kf6 Rxe6+ 67. Kxe6 Kg5 68. Ke5 h5 69. Ke4 h4 70. Ke3 h3 71. Kf2 Kf5 72. Kg1 Ke4 73. Kf2 Kd3 74. Kg1 Ke3 75. Kh2 Kf2 76. Kh1 Kxg3 77. Kg1 Kf3 78. Kh1 g3 79. Kg1 g2 80. Kh2 Kf2 81. Kxh3 g1Q 82. Kh4 Qg6 83. Kh3 Qh5# 0-1

[Event "Al Ain U20 op 1st"]
[Site "Al Ain"]
[Date "2017.12.30"]
[Round "1"]
[White "Shaurya, Dinesh Sawlani"]
[Black "Gholami, Aryan"]
[Result "0-1"]
[WhiteElo "1172"]
[BlackElo "2499"]
[PlyCount "54"]
[EventDate "2017.12.30"]
[EventType "swiss"]
[EventRounds "9"]
[EventCountry "UAE"]
[SourceTitle "CBM 182 Extra"]
[Source "ChessBase"]
[SourceDate "2018.02.23"]
[SourceVersion "1"]
[SourceVersionDate "2018.02.23"]
[SourceQuality "1"]

1. e4 c5 2. Nf3 e6 3. d4 cxd4 4. Nxd4 a6 5. Nc3 Qc7 6. Be3 Bb4 7. Qd3 Nf6 8. h3 d6 9. f3 d5 10. exd5 Nxd5 11. Bd2 Qg3+ 12. Kd1 Bxc3 13. Bxc3 0-0 14. Bd2 Rd8 15. f4 Qf2 16. g3 Nxf4 17. gxf4 Rxd4 18. Qc3 Nc6 19. Kc1 e5 20. Be3 Qf3 21. Bg2 Qxg2 22. Rg1 Qh2 23. Bxd4 Nxd4 24. Qc7 Qxg1+ 25. Kd2 Qf2+ 26. Kd1 Qe2+ 27. Kc1 Qe1# 0-1